The children's bible. (Record no. 109898)
[ view plain ]
| 000 -LEADER | |
|---|---|
| fixed length control field | 00387nam a2200145 a 4500 |
| 001 - CONTROL NUMBER | |
| control field | 4140 |
| 005 - DATE AND TIME OF LATEST TRANSACTION | |
| control field | 20140414131845.0 |
| 008 - FIXED-LENGTH DATA ELEMENTS--GENERAL INFORMATION | |
| fixed length control field | 090218s19uu xx 00 eng d |
| 050 ## - LIBRARY OF CONGRESS CALL NUMBER | |
| Classification number | M 220 |
| Item number | H74 2001 |
| 100 ## - MAIN ENTRY--PERSONAL NAME | |
| Personal name | Montero, Jose Perez |
| 245 ## - TITLE STATEMENT | |
| Title | The children's bible. |
| 260 ## - PUBLICATION, DISTRIBUTION, ETC. (IMPRINT) | |
| Place of publication, distribution, etc | Broadway, New York : |
| Name of publisher, distributor, etc | Scandinavia, Publishing House, |
| Date of publication, distribution, etc | 2001. |
| 650 ## - SUBJECT ADDED ENTRY--TOPICAL TERM | |
| Topical term or geographic name as entry element | Holy Bible |
| Withdrawn status | Lost status | Damaged status | Home library | Current library | Shelving location | Date acquired | Total Checkouts | Full call number | Barcode | Date last seen | Price effective from | Koha item type |
|---|---|---|---|---|---|---|---|---|---|---|---|---|
| Munich Library | Munich Library | Main Section | 02/18/2009 | M 220 H74 2001 | M0094 | 04/14/2014 | 04/14/2014 | Books |